[Event "Sanary sur Mer op 5th"]
[Site "Sanary sur Mer"]
[Date "2013.08.27"]
[Round "1"]
[White "Moulin, Gerard"]
[Black "Petrossian, Armen"]
[Result "0-1"]
[WhiteElo "1615"]
[BlackElo "2393"]
[PlyCount "62"]
[EventDate "2013.08.27"]
[EventType "swiss"]
[EventRounds "7"]
[EventCountry "FRA"]
[SourceTitle "EXT 2014"]
[Source "ChessBase"]
[SourceDate "2013.11.20"]
[SourceVersion "1"]
[SourceVersionDate "2013.11.20"]
[SourceQuality "1"]

1. c4 e5 2. Nc3 Nf6 3. Nf3 Nc6 4. g3 Bc5 5. Bg2 d6 6. 0-0 0-0 7. d3 h6 8. Nd5 Nxd5 9. cxd5 Nd4 10. Nxd4 Bxd4 11. Rb1 Bd7 12. Bd2 f5 13. e3 Bb6 14. Rc1 Qe8 15. Qb3 g5 16. Kh1 Qh5 17. Qd1 Qg6 18. f4 a5 19. a4 Rf7 20. fxe5 dxe5 21. b3 Raf8 22. Qe2 Qd6 23. Rc4 c6 24. dxc6 Bxc6 25. Bxc6 bxc6 26. Rcc1 Qd5+ 27. Kg1 f4 28. gxf4 gxf4 29. Qf3 fxe3 30. Qxd5 cxd5 31. Rxf7 exd2+ 0-1